000 01494cam a22004214i 4500
003 PE-LiUPU
005 20250731173252.0
008 150625s1967 sp r 000 0 spa d
035 _a(Sirsi) a35598
040 _aPE-LiUPU
_bspa
_cPE-LiUPU
_erda
049 _aPRUA
082 0 4 _a240
_bR94
_221
245 0 0 _aOrigenes contra Celso /
_cIntroducción, version y notas por Daniel Ruiz Bueno.
264 1 _aMadrid :
_bCatòlica,
_c1967.
300 _a634 páginas ;
_c20 centímetros
336 _atext
_2rdacontent
337 _aunmediated
_2rdamedia
338 _avolume
_2rdacarrier
505 0 _aContra Celso -- Libro primero -- Libro segundo -- Libro tercero -- Libro cuarto -- Libro quinto -- Libro sexto -- Libro sèptimo -- Libro octavo.
526 _aSEG42
526 _aSEG41
526 _aSEG40
526 _aSEG39
526 _aP94
526 _aP87
526 _aP86
526 _aP85
526 _aP77
526 _aP76
526 _aP35
650 0 4 _aApologética
_xHistoria.
700 1 _aRuiz Bueno, Daniel,
_etraductor.
942 _2ddc
_cBOOK
949 _a240 R94
_wDEWEY
_c1
_i39173
_lCCODEBUL1
_mBUL
_p00.00
_r0
_sY
_tBOOK
_u2015-06-25
_xBIBLIOTECA
_zUNKNOWN
_0COMPRA
_o.STAFF. Colección General
596 _a1
999 _a240 R94
_wDEWEY
_c43579
_i39173
_d43579
_e2015-9-4
_f2021-11-10
_g5
_lCCODEBUL1
_mBUL
_n1
_p16.99
_r0
_sY
_tBOOK
_u2015-6-25
_xTEOLOGIA
_PP35
_0COMPRA
_o.STAFF. Colección Teología
980 _81
_gALBERTO SANCHEZ Responsable de Automatización